|
|
|
|
| LEADER |
00000naa a2200000uu 4500 |
| 001 |
vtls010936562 |
| 003 |
SK-MaSNL |
| 005 |
20260302140242.0 |
| 008 |
210910|1999 xo |||||||||||||||||slo| |
| 015 |
|
|
|a SNBRA
|
| 035 |
|
|
|a (urnnbn)urn:nbn:sk:snk:ar-a0b889
|
| 035 |
|
|
|a (uuid)3b248152-f79c-443f-afb6-60bdf0bbc7ac
|
| 035 |
|
|
|a urn:nbn:sk:snk-aau0l2
|
| 040 |
|
|
|a SNKBUCL
|b slo
|c SNKBUCL
|e AACR2
|
| 041 |
0 |
|
|a slo
|
| 044 |
|
|
|a xo
|c SK
|
| 100 |
1 |
|
|a Gromová, Edita,
|d 1954-
|4 aut
|9 93694
|
| 245 |
1 |
0 |
|a PRÍPRAVA PREKLADATEĽOV NA SLOVENSKU A EURÓPSKA INTEGRÁCIA
|c E. Gromová
|
| 773 |
0 |
|
|t Škola a učiteľ v treťom tisícročí
|d Nitra : SlovDidac, 1999
|g S. 30-32
|z 8096774654
|
| 958 |
|
|
|a OND
|
| 958 |
|
|
|a article11
|
| 958 |
|
|
|a chapter
|
| 999 |
|
|
|c 1329951
|d 1331881
|